000
00289 a2200121 4500
001
147057
040
_c
Escola São Tomás de Aquino
100
_a
IACOCCA, Liliana
240
1
0
_a
A galinha e a sombra
_l
por
245
1
0
_a
A galinha e a sombra
697
_a
*LITERATURA INFANTIL
942
_c
BK
999
_c
147057
_d
147057